000 00530nam a2200169 i 4500
001 89370
003 ES-MaACL
005 20230906180146.0
007 t|
008 050110s1970 sp ||||1| spa d
100 1 _aLarsen, Hans-Walther.
_970372
245 1 0 _aTratado y atlas del fondo ocular /
_cHans-Walther Larsen ; traducción revisada por F. Palomar-Petit.
260 _aBarcelona :
_bSalvat,
_c[1970]
300 _a312 p., 39 lám. ;
_c30 cm.
700 1 _aPalomar-Petit, F.
_988670
852 _aES-MaACL
_jC-37452
_bR.75469
999 _c89370
_d89370